Baile de disfraces: ensayos sobre viejos y nuevos actores en la sociedad militar y la sociedad civil de América Latina
সংরক্ষণ করুন:
| প্রধান লেখক: | |
|---|---|
| বিন্যাস: | অজ্ঞাত |
| প্রকাশিত: |
San José:
FLACSO. Programa Costa Rica
|
| বিষয়গুলি: | |
| ট্যাগগুলো: |
ট্যাগ যুক্ত করুন
কোনো ট্যাগ নেই, প্রথমজন হিসাবে ট্যাগ করুন!
|
MARC
| LEADER | 00000 a2200000 04500 | ||
|---|---|---|---|
| 001 | 11628 | ||
| 003 | |||
| 008 | 991231s d | ||
| 040 | |||
| 090 | |a 140206 | ||
| 100 | |a Kruijt, Dirk | ||
| 245 | |a Baile de disfraces: ensayos sobre viejos y nuevos actores en la sociedad militar y la sociedad civil de América Latina | ||
| 260 | |a San José: |b FLACSO. Programa Costa Rica | ||
| 300 | |a 160 p. | ||
| 650 | |a INTELECTUALES | ||
| 650 | |a POLITICA EXTERIOR | ||
| 650 | |a DEFENSA | ||
| 999 | |c 13330 |d 13330 | ||
